Visualizzazione normale
Vista MARC
- TEATRO
di Topical Term
Records bibliografici associati: 1
001 - CONTROL NUMBER
- control field: 44293
003 - CONTROL NUMBER IDENTIFIER
- control field: IT-RoPau
005 - DATE AND TIME OF LATEST TRANSACTION
- control field: 20151127145627.0
008 - FIXED-LENGTH DATA ELEMENTS
- fixed length control field: 151127|| aca||aabn | a|a d
040 ## - CATALOGING SOURCE
- Original cataloging agency: IT-RoPau
- Transcribing agency: IT-RoPau
150 ## - HEADING--TOPICAL TERM
- Topical term or geographic name entry element: TEATRO
- : TV-TEATRO/DANZA [VHS]
- General subdivision: Codice MATERIA SPICS: 9961
670 ## - SOURCE DATA FOUND
- Source citation: Work cat.: (IT-RoPau)105953: Pirandello Luigi Codice regista SPICS: 2534 44291, VESTIRE GLI IGNUDI VESTIRE GLI IGNUDI (Rif. Codice opera principale : 37344)